Práva a povinnosti obce za odpady

Bibliographic Details
Main Author: Fratričová, Marta (Author)
Format: Article
Language:Slovak
ISSN:1335-7808
Subjects:

MARC

LEADER 00000nab a2200000 a 4500
001 vtls000808891
003 SK-MaSNL
005 20260304113921.0
008 250429c2002 xo 0 slo
015 |a SNBRB2002/10-30648 
035 |a CLN000160546 
035 |a urn:nbn:sk:snk-abole 
035 |a (urnnbn)urn:nbn:sk:snk:ar-a03n5u 
035 |a (uuid)2d71d27b-f488-4482-924e-06eb644c98d2 
040 |a SNKBUCL  |b slo  |c SNKBUCL  |e AACR2 
041 0 |a slo 
044 |a xo  |c SK 
080 |a 351.777.61(437.6)  |2 1997 
080 |a 628.4(437.6)  |2 1997 
080 |a 504.064.47(437.6)  |2 1997 
100 1 |a Fratričová, Marta  |4 aut  |9 800653 
245 1 0 |a Práva a povinnosti obce za odpady  |c Marta Fratričová 
650 0 7 |a odpad komunálny  |x obce  |x práva  |x povinnosti  |z Slovensko  |2 snkbucl  |9 1417883 
655 7 |a články z novín a časopisov  |2 snkbucl  |9 267496 
773 0 |t Odpady  |g Roč. 2, č. 3 (2002), s. 38-40  |x 1335-7808 
850 |a Slovenská národná knižnica 
852 |a Slovenská národná knižnica 
954 |a odborná, vedecká literatúra pôvodná (slovenská)  |2 lita 
958 |a article27 
958 |a SK 
958 |a OND 
958 |a EUIPO 
992 |a RBX 
999 |c 2871221  |d 2873151